000 00564nmm a2200145Ia 4500
008 251105s9999||||xx |||||||||||||||||und||
041 _aspa
100 _aMargalef Martínez, Juan Miguel
245 0 _aRetos y perspectivas de la educación mediática en España. Proyecto Mediascopio Prensa. La lectura de la prensa escrita en el aula
264 _a[Madrid, España] :
_bMinisterio de Educación, Cultura y Deporte de España,
_c2012
300 _a267 páginas
650 _aEducation
856 _uhttps://public.digitaliapublishing.com/a/19318
942 _cCF
999 _c104632
_d104632